[Event "Pankrac Cup 2016"]
[Site "Prague CZE"]
[Date "2016.09.20"]
[Round "1.1"]
[White "Dobes, Vojtech"]
[Black "Michalik, Peter"]
[Result "0-1"]
[BlackTitle "GM"]
[WhiteElo "2220"]
[BlackElo "2554"]
[WhiteFideId "333913"]
[BlackFideId "14907526"]
[EventDate "2016.09.20"]

1. e4 c6 2. d4 d5 3. Nc3 dxe4 4. Nxe4 Bf5 5. Ng3 Bg6 6. N1e2 Nd7 7. Nf4 e5 8.
Nxg6 hxg6 9. dxe5 Qa5+ 10. Bd2 Qxe5+ 11. Qe2 O-O-O 12. Qxe5 Nxe5 13. Be2 f5 14.
Be3 Nf6 15. Rd1 Rxd1+ 16. Bxd1 Bb4+ 17. c3 Bd6 18. O-O Nd3 19. Bxa7 Nxb2 20. Bb3
Kc7 21. Rb1 Nd3 22. Rd1 Nf4 23. f3 Be5 24. Bd4 Bxd4+ 25. Rxd4 g5 26. Rd2 g6 27.
Ne2 N4d5 28. g3 Kb6 29. Bxd5 Nxd5 30. c4 Ne3 0-1

[Event "Pankrac Cup 2016"]
[Site "Prague CZE"]
[Date "2016.09.20"]
[Round "1.2"]
[White "Cernousek, Lukas"]
[Black "Gregor, Jiri"]
[Result "0-1"]
[WhiteTitle "IM"]
[BlackTitle "FM"]
[WhiteElo "2494"]
[BlackElo "2219"]
[WhiteFideId "311707"]
[BlackFideId "304638"]
[EventDate "2016.09.20"]

1. d4 d5 2. c4 c6 3. Nf3 Nf6 4. Nc3 e6 5. Bg5 dxc4 6. e4 b5 7. e5 h6 8. Bh4 g5
9. Nxg5 hxg5 10. Bxg5 Nbd7 11. exf6 Bb7 12. g3 Qb6 13. Bg2 O-O-O 14. O-O Bh6 15.
h4 Bxg5 16. hxg5 c5 17. d5 b4 18. Na4 Qb5 19. a3 Ne5 20. axb4 cxb4 21. Qe2 Rxd5
22. Rfc1 Rd2 23. Nb6+ axb6 0-1

[Event "Pankrac Cup 2016"]
[Site "Prague CZE"]
[Date "2016.09.20"]
[Round "1.3"]
[White "Postupa, Pavel2"]
[Black "Svoboda, Svatopluk"]
[Result "1-0"]
[BlackTitle "FM"]
[WhiteElo "2216"]
[BlackElo "2441"]
[WhiteFideId "326410"]
[BlackFideId "14903563"]
[EventDate "2016.09.20"]

1. e4 c5 2. Nf3 e6 3. g3 d5 4. exd5 exd5 5. d4 Nf6 6. Bg2 Be7 7. O-O O-O 8. dxc5
Bxc5 9. Nc3 h6 10. a3 a6 11. b4 Ba7 12. Bb2 Nc6 13. Ne2 Ne4 14. Ned4 Ne7 15. Qd3
Qc7 16. Rac1 Nd6 17. Nd2 b5 18. a4 Bd7 19. Rfe1 Rfe8 20. Re2 bxa4 21. c4 dxc4
22. Nxc4 Rac8 23. Rec2 Nxc4 24. Rxc4 Qd6 25. Rxc8 Rxc8 26. Rd1 Bg4 27. Rd2 Bxd4
28. Qxd4 Qxd4 29. Rxd4 Bf5 30. g4 Rc2 31. Ba3 Ra2 32. b5 Rxa3 33. bxa6 Ra1+ 34.
Bf1 Bc8 35. a7 Bb7 36. Rd7 Ba8 37. Rd8+ Kh7 38. Rxa8 1-0

[Event "Pankrac Cup 2016"]
[Site "Prague CZE"]
[Date "2016.09.20"]
[Round "1.4"]
[White "Carlsson, Pontus"]
[Black "Smid, Miroslav"]
[Result "1-0"]
[WhiteTitle "GM"]
[WhiteElo "2436"]
[BlackElo "2214"]
[WhiteFideId "1705814"]
[BlackFideId "318906"]
[EventDate "2016.09.20"]

1. e4 d5 2. exd5 Qxd5 3. Nc3 Qa5 4. d4 Nf6 5. Nf3 c6 6. Bc4 Bf5 7. Bd2 e6 8. Nd5
Qd8 9. Nxf6+ Qxf6 10. Qe2 Bg4 11. O-O-O Bd6 12. d5 Bxf3 13. gxf3 cxd5 14. Bxd5
Nc6 15. Bc3 Qf4+ 16. Kb1 O-O 17. Bxc6 bxc6 18. Rd4 Qe5 19. Rg4 Qxe2 20. Rxg7+
Kh8 21. Rg8+ 1-0

[Event "Pankrac Cup 2016"]
[Site "Prague CZE"]
[Date "2016.09.20"]
[Round "1.5"]
[White "Rous, Daniel"]
[Black "Vykouk, Jan"]
[Result "0-1"]
[BlackTitle "FM"]
[WhiteElo "2208"]
[BlackElo "2428"]
[WhiteFideId "338150"]
[BlackFideId "349658"]
[EventDate "2016.09.20"]

1. Nf3 Nf6 2. d4 b5 3. g3 Bb7 4. Bg2 e6 5. O-O c5 6. b3 cxd4 7. Nxd4 Bxg2 8.
Kxg2 Qb6 9. Qd3 Nc6 10. Bb2 Nxd4 11. Bxd4 Qc6+ 12. Qf3 d5 13. c4 bxc4 14. Nd2
Rc8 15. bxc4 Bb4 16. cxd5 Qxd5 17. Qxd5 Nxd5 18. Rfc1 O-O 19. Ne4 a5 20. Bc5
Rfd8 21. a3 Bxc5 22. Nxc5 Rb8 23. e4 Nf6 24. Rab1 g5 25. Kf3 h5 26. h3 Rxb1 27.
Rxb1 Rd2 28. e5 Nd5 29. Rb5 a4 30. Ra5 Nc3 31. Ke3 Ra2 32. Nxa4 Rxa3 33. Ra8+
Kg7 34. Nb6 Nd5+ 35. Ke4 Rxa8 36. Nxa8 Kg6 37. g4 h4 38. Kf3 Kg7 39. Ke4 Kf8 40.
Kd4 Ke7 41. Kc5 Nf4 42. Kd4 Nxh3 43. Ke3 Nf4 44. Kf3 Nd5 0-1

[Event "Pankrac Cup 2016"]
[Site "Prague CZE"]
[Date "2016.09.20"]
[Round "1.6"]
[White "Rydl, Jiri"]
[Black "Hosticka, Frantisek"]
[Result "1/2-1/2"]
[WhiteTitle "FM"]
[WhiteElo "2394"]
[BlackElo "2184"]
[WhiteFideId "346390"]
[BlackFideId "302295"]
[EventDate "2016.09.20"]

1. c4 e5 2. g3 Nf6 3. Bg2 c6 4. d4 Bb4+ 5. Bd2 Bxd2+ 6. Qxd2 d6 7. Nc3 O-O 8. e3
Nbd7 9. Nge2 a5 10. O-O Re8 11. h3 Qb6 12. b3 Nf8 13. Rfd1 h6 14. c5 dxc5 15.
Na4 Qb4 16. Nxc5 Qxd2 17. Rxd2 exd4 18. Nxd4 N8d7 19. Na4 Ne4 20. Bxe4 Rxe4 21.
Kg2 b5 22. Nc3 Re5 23. e4 Bb7 24. Nf5 Nc5 25. Nd6 Rd8 26. Rad1 Re6 27. f3 Ba6
28. Ne2 b4 29. Nf4 Re7 30. Nf5 Rxd2+ 31. Rxd2 Rc7 32. Rc2 Nd3 33. Nxd3 Bxd3 34.
Rxc6 Ra7 35. Rd6 Bb1 36. Rd2 a4 37. Kf2 Bxa2 38. bxa4 Rxa4 39. Ne7+ Kh7 40. Nd5
Bxd5 41. exd5 b3 42. Ke3 Rb4 43. Rb2 Kg6 44. Kd3 Kf6 45. Kc3 Ra4 46. Rd2 Ra2 47.
Rd3 Ke7 48. Kxb3 Rg2 49. f4 Kd6 50. Kc4 Rc2+ 51. Kd4 Rc5 52. Ke4 Rc4+ 53. Kf5
Rc5 1/2-1/2

[Event "Pankrac Cup 2016"]
[Site "Prague CZE"]
[Date "2016.09.20"]
[Round "1.7"]
[White "Istona, Martin"]
[Black "Kulhanek, Tomas"]
[Result "1/2-1/2"]
[WhiteTitle "FM"]
[BlackTitle "IM"]
[WhiteElo "2183"]
[BlackElo "2375"]
[WhiteFideId "14923475"]
[BlackFideId "309656"]
[EventDate "2016.09.20"]

1. e4 d6 2. d4 Nf6 3. Nc3 g6 4. Be3 c6 5. Nf3 Bg7 6. h3 O-O 7. Qd2 b5 8. Bd3
Nbd7 9. O-O e5 10. dxe5 dxe5 11. Ne2 Qe7 12. Ng3 Qe8 13. a3 Nc5 14. b4 Ne6 15.
a4 Bb7 16. Rfe1 a6 1/2-1/2

[Event "Pankrac Cup 2016"]
[Site "Prague CZE"]
[Date "2016.09.20"]
[Round "1.8"]
[White "Sodoma, Jan"]
[Black "Soural, Jan"]
[Result "1/2-1/2"]
[WhiteTitle "IM"]
[WhiteElo "2346"]
[BlackElo "2180"]
[WhiteFideId "323195"]
[BlackFideId "311928"]
[EventDate "2016.09.20"]

1. d4 Nf6 2. c4 g6 3. Nc3 d5 4. cxd5 Nxd5 5. Bd2 Nb6 6. Nf3 Bg7 7. Rc1 O-O 8. e3
Nc6 9. Bb5 e5 10. Bxc6 exd4 11. Nxd4 bxc6 12. Nce2 Qd5 13. O-O c5 14. Nb3 c4 15.
Nbd4 c5 16. Nc3 Qd7 17. Nf3 Bb7 18. Qe2 Rfd8 19. Rfd1 Qg4 20. h3 Qh5 21. Be1 Rd3
22. b3 Rad8 23. bxc4 Bxf3 24. Qxf3 Qxf3 25. gxf3 Rxd1 26. Nxd1 Nxc4 27. Rxc4
Rxd1 28. Kf1 Rd5 29. e4 Rh5 30. Ra4 Be5 31. Rxa7 Rxh3 32. Kg2 Rh2+ 33. Kg1 Rh3
34. Ra5 Rxf3 1/2-1/2

[Event "Pankrac Cup 2016"]
[Site "Prague CZE"]
[Date "2016.09.20"]
[Round "1.9"]
[White "Vanek, Tomas"]
[Black "Studnicka, Tomas"]
[Result "0-1"]
[BlackTitle "IM"]
[WhiteElo "2174"]
[BlackElo "2328"]
[WhiteFideId "313459"]
[BlackFideId "318949"]
[EventDate "2016.09.20"]

1. f4 g6 2. c4 c5 3. Nc3 Bg7 4. Nf3 Nc6 5. e4 e6 6. d3 Nge7 7. e5 d5 8. g4 b6 9.
Nb5 O-O 10. Bh3 dxc4 11. Nd6 cxd3 12. g5 Nf5 13. Ne4 Bb7 14. O-O Ncd4 15. Bxf5
Nxf3+ 0-1

[Event "Pankrac Cup 2016"]
[Site "Prague CZE"]
[Date "2016.09.20"]
[Round "1.10"]
[White "Polasek, Jaroslav"]
[Black "Starek, Stanislav"]
[Result "1/2-1/2"]
[WhiteTitle "IM"]
[WhiteElo "2320"]
[BlackElo "2172"]
[WhiteFideId "300411"]
[BlackFideId "349844"]
[EventDate "2016.09.20"]

1. e4 c5 2. c3 d6 3. d4 cxd4 4. cxd4 Nf6 5. Nc3 g6 6. Be2 Bg7 7. h4 h5 8. Nf3
Nc6 9. e5 dxe5 10. d5 Nd4 11. Nxd4 exd4 12. Qxd4 O-O 13. Qc4 Bf5 14. O-O Rc8 15.
Qb3 Ne4 16. Nxe4 Bxe4 17. Qxb7 Rc7 1/2-1/2

[Event "Pankrac Cup 2016"]
[Site "Prague CZE"]
[Date "2016.09.20"]
[Round "1.11"]
[White "Smutny, Jan"]
[Black "Vyprachticky, David"]
[Result "1/2-1/2"]
[WhiteElo "2163"]
[BlackElo "2279"]
[WhiteFideId "310930"]
[BlackFideId "346209"]
[EventDate "2016.09.20"]

1. e4 e5 2. Nf3 Nc6 3. d4 exd4 4. c3 dxc3 5. Nxc3 Bb4 6. Bc4 Nf6 7. e5 d5 8.
exf6 dxc4 9. Qe2+ Be6 10. fxg7 Rg8 11. Bg5 Qd3 12. Qxd3 cxd3 13. Bf6 Be7 14.
Bxe7 Kxe7 15. O-O-O Rxg7 16. Nh4 Rd8 17. Rhe1 Kf8 18. f4 Rg4 19. g3 Nd4 20. Re3
Bc4 21. b3 Ba6 22. Re5 Rd6 23. Ne4 Rc6+ 24. Kb1 Ne2 25. Rd2 f6 26. Rc5 Rxc5 27.
Nxc5 Nxf4 28. Nxa6 bxa6 29. Nf3 Ne6 30. Rxd3 Ke7 31. Kc2 Re4 32. Kd2 c5 33. Rd5
a5 34. Rh5 Kd6 35. Rxh7 a4 36. Rxa7 axb3 37. axb3 Rb4 38. Kc3 Re4 39. Kd3 Rb4
40. Nd2 Nc7 41. Ra4 Rb8 42. Ke4 Ke6 43. Ra5 f5+ 44. Kf4 Rb4+ 45. Kf3 Kd5 46. Ra4
Rb8 47. h4 Ne6 48. Ra7 Ke5 49. Kg2 Nd4 50. Re7+ Kf6 51. Re3 f4 52. gxf4 Kf5 53.
Re5+ Kxf4 54. Rxc5 Nxb3 55. Rc4+ Kf5 56. Nf1 Rb6 57. Kh3 Kg6 58. Kg4 Rd6 59. Ne3 1/2-1/2

[Event "Pankrac Cup 2016"]
[Site "Prague CZE"]
[Date "2016.09.20"]
[Round "1.12"]
[White "Svatos, Jan"]
[Black "Prochazka, Dalibor"]
[Result "1-0"]
[WhiteElo "2256"]
[BlackElo "2148"]
[WhiteFideId "304174"]
[BlackFideId "310352"]
[EventDate "2016.09.20"]

1. d4 Nf6 2. Bg5 e6 3. e4 Be7 4. Nc3 d5 5. e5 Nfd7 6. h4 Bxg5 7. hxg5 Qxg5 8.
Nh3 Qe7 9. Qg4 f5 10. Qg3 Nf8 11. Nf4 c6 12. O-O-O g5 13. Nh3 Rg8 14. Be2 b6 15.
Nf4 Kd8 16. Kb1 Bd7 17. Nh5 Be8 18. Nf6 Rg7 19. Rh6 a5 20. Bh5 Bxh5 21. Rxh5 g4
22. Rdh1 Ra7 23. Rh6 a4 24. a3 b5 25. Na2 Na6 26. Qc3 Qc7 27. Nb4 Nxb4 28. axb4
Qb6 29. Nh5 Rge7 30. Nf4 Kd7 31. Rf6 Ra8 32. Rhh6 Rae8 33. Ka2 Qa7 34. Ka3 Ng6
35. Nd3 Qb6 36. Nc5+ Kc8 37. Qd2 Qc7 38. Qg5 Kb8 39. Na6+ 1-0

[Event "Pankrac Cup 2016"]
[Site "Prague CZE"]
[Date "2016.09.20"]
[Round "1.13"]
[White "Vokoun, Jan"]
[Black "Matras, Ondrej"]
[Result "0-1"]
[WhiteTitle "FM"]
[BlackTitle "FM"]
[WhiteElo "2119"]
[BlackElo "2241"]
[WhiteFideId "301647"]
[BlackFideId "309125"]
[EventDate "2016.09.20"]

1. e4 e6 2. Nc3 d5 3. Nf3 Nf6 4. e5 Nfd7 5. d4 a6 6. Ne2 c5 7. c3 Nc6 8. g3 cxd4
9. cxd4 f6 10. exf6 Nxf6 11. Bg2 Bb4+ 12. Bd2 Bd6 13. O-O O-O 14. Bf4 Ne4 15.
Bxd6 Qxd6 16. Rc1 Bd7 17. Nc3 Nxc3 18. Rxc3 Be8 19. h3 Bh5 20. g4 Bg6 21. Qd2
Rf4 22. Re3 Raf8 23. Rfe1 Be4 24. Ng5 Rxf2 25. Nxe4 dxe4 26. Qc3 Qxd4 27. Bxe4
Qd6 28. Bg2 Nd4 29. Re4 Rd2 30. Kh1 Nf3 0-1

[Event "Pankrac Cup 2016"]
[Site "Prague CZE"]
[Date "2016.09.27"]
[Round "2.1"]
[White "Michalik, Peter"]
[Black "Svatos, Jan"]
[Result "1-0"]
[WhiteTitle "GM"]
[WhiteElo "2554"]
[BlackElo "2256"]
[WhiteFideId "14907526"]
[BlackFideId "304174"]
[EventDate "2016.09.20"]

1. e4 c5 2. Nf3 e6 3. d4 cxd4 4. Nxd4 a6 5. Nc3 Qc7 6. Qd3 Nc6 7. Nxc6 dxc6 8.
Qg3 Qxg3 9. hxg3 e5 10. Na4 Be6 11. Bc4 Nf6 12. Bxe6 fxe6 13. Nb6 Rd8 14. f3 Bc5
15. Nc4 O-O 16. g4 Rd4 17. Nxe5 Nxe4 18. Be3 Rd5 19. Nc4 Nf6 20. Rd1 Bxe3 21.
Nxe3 Re5 22. Rd3 Nd5 23. Kf2 Re4 24. Rhd1 h6 25. b3 b5 26. c4 Nxe3 27. Rxe3 Rxg4
28. cxb5 axb5 29. Rxe6 c5 30. Rd5 Rg5 31. Rxg5 hxg5 32. Re5 Rc8 33. Rxg5 c4 34.
Ke1 c3 35. Kd1 b4 36. Rg4 Rb8 37. Kc2 Kf7 38. Rf4+ Ke6 39. a3 bxa3 40. Ra4 Rh8
41. Kxc3 Rh2 42. Re4+ Kf5 43. Re2 Rh1 44. Ra2 1-0

[Event "Pankrac Cup 2016"]
[Site "Prague CZE"]
[Date "2016.09.27"]
[Round "2.2"]
[White "Matras, Ondrej"]
[Black "Carlsson, Pontus"]
[Result "0-1"]
[WhiteTitle "FM"]
[BlackTitle "GM"]
[WhiteElo "2241"]
[BlackElo "2436"]
[WhiteFideId "309125"]
[BlackFideId "1705814"]
[EventDate "2016.09.20"]

1. d4 Nf6 2. c4 e6 3. Nc3 Bb4 4. Qc2 b6 5. Bg5 h6 6. Bh4 Bb7 7. f3 c5 8. a3
Bxc3+ 9. Qxc3 cxd4 10. Qxd4 Nc6 11. Qd1 O-O 12. e3 d5 13. Rc1 Qe7 14. Ne2 dxc4
15. Rxc4 Rad8 16. Qc2 Ne5 17. Rd4 Bxf3 18. Rxd8 Rxd8 19. Nd4 Bb7 20. Be2 Ng6 21.
Bg3 Bxg2 22. Rg1 Be4 23. Qa4 e5 24. Nb3 Bd3 25. Bd1 Ne4 26. Nc1 Qc5 27. Nxd3
Qxe3+ 28. Kf1 Rxd3 29. Bc2 Qf3+ 30. Ke1 Re3# 0-1

[Event "Pankrac Cup 2016"]
[Site "Prague CZE"]
[Date "2016.09.27"]
[Round "2.3"]
[White "Vykouk, Jan"]
[Black "Gregor, Jiri"]
[Result "1-0"]
[WhiteTitle "FM"]
[BlackTitle "FM"]
[WhiteElo "2428"]
[BlackElo "2219"]
[WhiteFideId "349658"]
[BlackFideId "304638"]
[EventDate "2016.09.20"]

1. e4 e6 2. d4 d5 3. Nd2 Nf6 4. e5 Nfd7 5. Bd3 c5 6. c3 Nc6 7. Ne2 Qb6 8. Nf3
cxd4 9. cxd4 f6 10. exf6 Nxf6 11. O-O Bd6 12. Nc3 Bd7 13. b3 a6 14. Bg5 O-O-O
15. Na4 Qa7 16. Rc1 Kb8 17. Nc5 Ka8 18. Be3 Ng4 19. Ng5 e5 20. Nxd7 Nxe3 21.
fxe3 Rxd7 22. Qg4 Nb8 23. Nf7 Re8 24. Bxh7 exd4 25. exd4 Bb4 26. Kh1 Rde7 27.
Ne5 Bd6 28. Nf3 Nc6 29. Bf5 Qb8 30. h3 Bf4 31. Rcd1 Qd6 32. Bg6 Rh8 33. Nh4 Be3
34. Nf5 Qe6 35. Rde1 1-0

[Event "Pankrac Cup 2016"]
[Site "Prague CZE"]
[Date "2016.09.27"]
[Round "2.4"]
[White "Studnicka, Tomas"]
[Black "Postupa, Pavel2"]
[Result "1-0"]
[WhiteTitle "IM"]
[WhiteElo "2328"]
[BlackElo "2216"]
[WhiteFideId "318949"]
[BlackFideId "326410"]
[EventDate "2016.09.20"]

1. d4 Nf6 2. c4 g6 3. Nc3 d5 4. cxd5 Nxd5 5. Bd2 Bg7 6. Nf3 O-O 7. Rc1 Nb6 8.
Bg5 Nc6 9. e3 Bg4 10. Bb5 Nb4 11. O-O c6 12. Be2 Qd7 13. a3 N4d5 14. Ne4 Bxf3
15. Bxf3 e5 16. Nc5 Qc7 17. e4 Ne7 18. d5 Rfd8 19. Qb3 Rd6 20. Rfd1 h6 21. Bh4
Rb8 22. a4 g5 23. Bg3 Nd7 24. Nd3 Qb6 25. Qa3 cxd5 26. a5 Qa6 27. Nb4 Qb5 28.
Nxd5 Rxd5 29. exd5 Nf5 30. Bg4 Nxg3 31. Qxg3 Nf6 32. d6 Rd8 33. Rc8 Qxa5 34. d7 1-0

[Event "Pankrac Cup 2016"]
[Site "Prague CZE"]
[Date "2016.09.27"]
[Round "2.5"]
[White "Soural, Jan"]
[Black "Rydl, Jiri"]
[Result "0-1"]
[BlackTitle "FM"]
[WhiteElo "2180"]
[BlackElo "2394"]
[WhiteFideId "311928"]
[BlackFideId "346390"]
[EventDate "2016.09.20"]

1. d4 Nf6 2. c4 e6 3. Nc3 Bb4 4. e3 O-O 5. Ne2 c6 6. a3 Ba5 7. b4 Bc7 8. Ng3 d5
9. cxd5 cxd5 10. Bd3 Nc6 11. f4 Ne7 12. Qc2 Bd7 13. O-O a5 14. Bd2 Bd6 15. Qb3
Qb6 16. b5 Rfc8 17. Rab1 Qd8 18. b6 a4 19. Qa2 Bc6 20. Rfc1 h5 21. Nd1 h4 22.
Ne2 Ne4 23. Bb4 Bxb4 24. Rxb4 Nf5 25. Nec3 Ned6 26. Qe2 Be8 27. Na2 Rxc1 28.
Nxc1 Nc4 29. Bxc4 dxc4 30. Nc3 Nxd4 31. Qxc4 Nc2 32. Rb2 Rc8 33. Qe2 Nxa3 34.
N1a2 Nc4 35. Rb4 Nxb6 36. Ne4 Nd5 37. Rxb7 Nxe3 38. Nac3 Qd4 0-1

[Event "Pankrac Cup 2016"]
[Site "Prague CZE"]
[Date "2016.09.27"]
[Round "2.6"]
[White "Kulhanek, Tomas"]
[Black "Smutny, Jan"]
[Result "1-0"]
[WhiteTitle "IM"]
[WhiteElo "2375"]
[BlackElo "2163"]
[WhiteFideId "309656"]
[BlackFideId "310930"]
[EventDate "2016.09.20"]

1. e4 e5 2. Nf3 Nc6 3. Bb5 a6 4. Ba4 Nf6 5. d3 d6 6. c3 Bg4 7. Nbd2 Be7 8. h3
Bh5 9. O-O O-O 10. Re1 b5 11. Bc2 Qd7 12. Nf1 Rad8 13. Ng3 Bg6 14. Nh4 d5 15.
Qe2 d4 16. a3 a5 17. Nhf5 b4 18. Ba4 Bd6 19. cxb4 axb4 20. Qc2 b3 21. Qxc6 Qe6
22. Bg5 Rb8 23. Bxf6 Rb6 24. Qd5 Qxf6 25. Nxd6 Rxd6 26. Qxb3 h5 27. Qd1 Ra8 28.
Rc1 h4 29. Nf1 Qg5 30. Bb3 Rb8 31. Qd2 Qf6 32. Bd1 Rdb6 33. b4 Qe7 34. Rc5 Ra6
35. Qc1 Qe6 36. Rxc7 f5 37. exf5 1-0

[Event "Pankrac Cup 2016"]
[Site "Prague CZE"]
[Date "2016.09.27"]
[Round "2.7"]
[White "Starek, Stanislav"]
[Black "Sodoma, Jan"]
[Result "1/2-1/2"]
[BlackTitle "IM"]
[WhiteElo "2172"]
[BlackElo "2346"]
[WhiteFideId "349844"]
[BlackFideId "323195"]
[EventDate "2016.09.20"]

1. e4 e5 2. Nf3 Nc6 3. Bc4 Bc5 4. O-O Nf6 5. d3 d6 6. c3 a6 7. Bb3 Ba7 8. Nbd2
O-O 9. h3 Nh5 10. Re1 Qf6 11. d4 exd4 12. e5 Qd8 13. Nxd4 Nxd4 14. cxd4 Nf4 15.
Nf3 dxe5 16. Rxe5 Qf6 17. Ng5 Ne6 18. Bc2 Nxg5 19. Bxg5 Qb6 20. Be7 Re8 21. Bc5
Qc6 22. Bxa7 Rxa7 23. Qd3 g6 24. d5 Qd7 25. Rae1 Rf8 26. Re7 Qd6 27. Qc3 Bd7 28.
Qe5 Rd8 29. Bb3 1/2-1/2

[Event "Pankrac Cup 2016"]
[Site "Prague CZE"]
[Date "2016.09.27"]
[Round "2.8"]
[White "Hosticka, Frantisek"]
[Black "Polasek, Jaroslav"]
[Result "1/2-1/2"]
[BlackTitle "IM"]
[WhiteElo "2184"]
[BlackElo "2320"]
[WhiteFideId "302295"]
[BlackFideId "300411"]
[EventDate "2016.09.20"]

1. e4 c5 2. Nf3 Nf6 3. e5 Nd5 4. Nc3 e6 5. Ne4 f5 6. Nc3 Nc6 7. Nxd5 exd5 8. d4
d6 9. exd6 Bxd6 10. Be2 O-O 11. dxc5 Bxc5 12. O-O f4 13. c3 Be6 14. b4 Bd6 15.
Nd4 Bf7 16. Nxc6 bxc6 17. Bf3 Qf6 18. Bd2 Rfd8 19. Qa4 Be5 20. Rac1 g5 21. Rfe1
h5 22. h3 Rd6 23. Qa6 Re8 24. Qxa7 Qg6 25. Bxh5 Qxh5 26. Rxe5 Rxe5 27. Qb8+ Re8
28. Qxd6 Qe2 29. Be1 Qb2 30. Rd1 Qc2 31. Ra1 Qb2 32. Rd1 Qe2 33. Rc1 Qb2 34. Rd1 1/2-1/2

[Event "Pankrac Cup 2016"]
[Site "Prague CZE"]
[Date "2016.09.27"]
[Round "2.9"]
[White "Vyprachticky, David"]
[Black "Istona, Martin"]
[Result "1/2-1/2"]
[BlackTitle "FM"]
[WhiteElo "2279"]
[BlackElo "2183"]
[WhiteFideId "346209"]
[BlackFideId "14923475"]
[EventDate "2016.09.20"]

1. e4 c5 2. Nf3 d6 3. d4 cxd4 4. Nxd4 Nf6 5. Nc3 a6 6. g3 e5 7. Nde2 b5 8. Bg2
b4 9. Nd5 Nxd5 10. Qxd5 Ra7 11. O-O Be6 12. Qd2 Rb7 13. b3 Be7 14. a3 a5 15.
axb4 axb4 16. Ra4 Nc6 17. Bb2 O-O 18. Nc1 Qb8 19. Nd3 Rb5 20. f4 Qb6+ 21. Kh1
Rc8 22. Rfa1 Bf8 23. Ra8 Rxa8 24. Rxa8 Ra5 25. Rxa5 Qxa5 26. Qe1 f6 27. Qa1
Qxa1+ 28. Bxa1 Be7 29. f5 Bf7 30. Nc1 Bd8 31. Bf1 d5 32. exd5 Bxd5+ 33. Bg2 Ne7
34. g4 Bf7 35. c3 bxc3 36. Bxc3 Bb6 37. b4 Bc4 38. Be4 Nd5 39. Bd2 Bd4 40. Kg2
Kf7 41. Ne2 Bxe2 1/2-1/2

[Event "Pankrac Cup 2016"]
[Site "Prague CZE"]
[Date "2016.09.27"]
[Round "2.10"]
[White "Rous, Daniel"]
[Black "Cernousek, Lukas"]
[Result "0-1"]
[BlackTitle "IM"]
[WhiteElo "2208"]
[BlackElo "2494"]
[WhiteFideId "338150"]
[BlackFideId "311707"]
[EventDate "2016.09.20"]

1. d4 d5 2. Nf3 Nf6 3. c4 e6 4. Nc3 c6 5. Bg5 dxc4 6. e4 b5 7. e5 h6 8. Bh4 g5
9. Nxg5 hxg5 10. Bxg5 Nbd7 11. exf6 Bb7 12. g3 c5 13. d5 Qc7 14. Bg2 O-O-O 15.
O-O b4 16. d6 Qb6 17. Ne4 Ne5 18. Be3 Bxd6 19. Qe2 Bd5 20. Bf4 Bc7 21. a3 b3 22.
Bxe5 Bxe5 23. Rac1 Bd4 24. Rxc4 Bxc4 25. Qxc4 Bxb2 26. Rb1 Rd4 27. Qe2 Bxa3 28.
Nd2 b2 29. Nc4 Qa6 30. Bf1 Qxc4 31. Qf3 Qa4 32. Qa8+ Kc7 33. Qxh8 Qc2 34. Qa8
Qxb1 35. Qxa7+ Kd6 36. Qb8+ Kd5 37. Kg2 Qe4+ 38. f3 Rd2+ 39. Kh3 Qh7+ 40. Kg4
Qf5+ 0-1

[Event "Pankrac Cup 2016"]
[Site "Prague CZE"]
[Date "2016.09.27"]
[Round "2.11"]
[White "Svoboda, Svatopluk"]
[Black "Vanek, Tomas"]
[Result "1-0"]
[WhiteTitle "FM"]
[WhiteElo "2441"]
[BlackElo "2174"]
[WhiteFideId "14903563"]
[BlackFideId "313459"]
[EventDate "2016.09.20"]

1. e4 c5 2. Nf3 d6 3. d4 cxd4 4. Nxd4 Nf6 5. Nc3 a6 6. Bg5 Nbd7 7. Qe2 h6 8. Bh4
g5 9. Bg3 h5 10. h4 gxh4 11. Bxh4 Bh6 12. Nf5 Qb6 13. Rb1 Qa5 14. Nxh6 Rxh6 15.
Qd2 Rg6 16. f3 b5 17. a3 Bb7 18. Rd1 Rc8 19. Ne2 Qc7 20. Nf4 Rg8 21. c3 Qc5 22.
Bd3 Qe5 23. Kf1 d5 24. exd5 Bxd5 25. Bxf6 Nxf6 26. Bxb5+ Kf8 27. Nxd5 Qg3 28.
Nxf6 1-0

[Event "Pankrac Cup 2016"]
[Site "Prague CZE"]
[Date "2016.09.27"]
[Round "2.12"]
[White "Prochazka, Dalibor"]
[Black "Dobes, Vojtech"]
[Result "1/2-1/2"]
[WhiteElo "2148"]
[BlackElo "2220"]
[WhiteFideId "310352"]
[BlackFideId "333913"]
[EventDate "2016.09.20"]

1. e4 e5 2. f4 exf4 3. Nf3 g5 4. h4 g4 5. Ng5 d5 6. exd5 h6 7. Ne4 f5 8. Nec3
Nf6 9. Bc4 Bd6 10. d4 Kf7 11. Ne2 Nh5 12. Qd3 Re8 13. Kd1 Rxe2 14. Qxe2 Ng3 15.
Qe1 Nxh1 16. Qxh1 Qf6 17. c3 b5 18. Bxb5 Bb7 19. Bc4 Nd7 20. Qf1 Nb6 21. Bb3 f3
22. gxf3 g3 23. Be3 Qxh4 24. Nd2 Re8 25. Qd3 Qh1+ 26. Kc2 Qxa1 27. Qxf5+ Kg7 28.
Bxh6+ Kxh6 29. Qf6+ Kh7 30. Qf7+ Kh8 31. Qf6+ Kh7 1/2-1/2

[Event "Pankrac Cup 2016"]
[Site "Prague CZE"]
[Date "2016.09.27"]
[Round "2.13"]
[White "Smid, Miroslav"]
[Black "Vokoun, Jan"]
[Result "0-1"]
[BlackTitle "FM"]
[WhiteElo "2214"]
[BlackElo "2119"]
[WhiteFideId "318906"]
[BlackFideId "301647"]
[EventDate "2016.09.20"]

1. c4 b6 2. Nf3 Bb7 3. g3 c5 4. Bg2 Nf6 5. O-O e6 6. Nc3 Be7 7. d4 cxd4 8. Qxd4
d6 9. Rd1 a6 10. Bg5 Nbd7 11. Rac1 O-O 12. h3 Qc7 13. Na4 Nc5 14. Nxc5 bxc5 15.
Qd3 Rfd8 16. Ne1 Bxg2 17. Nxg2 Qb7 18. Qa3 a5 19. Rd3 a4 20. Rcd1 Rdb8 21. Bxf6
Bxf6 22. Rxd6 Qxb2 23. Qxb2 Rxb2 24. R1d2 a3 25. Ne3 Bd4 26. Nf1 h5 27. Kg2 Ra4
28. Kf3 Rxc4 29. Ra6 Rc1 0-1

[Event "Pankrac Cup 2016"]
[Site "Prague CZE"]
[Date "2016.10.04"]
[Round "3.1"]
[White "Vykouk, Jan"]
[Black "Michalik, Peter"]
[Result "1/2-1/2"]
[WhiteTitle "FM"]
[BlackTitle "GM"]
[WhiteElo "2428"]
[BlackElo "2554"]
[WhiteFideId "349658"]
[BlackFideId "14907526"]
[EventDate "2016.09.20"]

1. e4 c5 2. Nf3 d6 3. d4 cxd4 4. Nxd4 Nf6 5. Nc3 a6 6. Bg5 e6 7. f4 Be7 8. Qf3
h6 9. Bh4 g5 10. fxg5 Nfd7 11. Nxe6 fxe6 12. Qh5+ Kf8 13. Bb5 Rh7 14. O-O+ Kg8
15. g6 Rg7 16. Qxh6 Bxh4 17. Rf7 Rxf7 18. gxf7+ Kxf7 19. Qh7+ Kf8 20. Qh8+ Kf7
21. Qh7+ Kf8 1/2-1/2